Proměny piano solo /

Hlavní autor: Pololáník, Zdeněk, 1935-2024
Jazyk: Nelze použít, není lingvistický obsah
Vydáno: Brno : ViVo, 1993
Fyzický popis: 10 s.
Hudebniny Hudebniny
Uloženo v:
LEADER 00721ncm a2200229 a 4500
001 000009447
003 CZ BrMZK
005 20121025103450.0
007 qu
008 940107s1993 xr f zxx d
020 |c 15.20 
040 |a BOA001  |b cze 
072 7 |a 786  |x Hudba pro klávesové nástroje  |2 Konspekt  |9 9 
100 1 |a Pololáník, Zdeněk,  |d 1935-2024  |7 jn19990209679  |4 cmp 
245 1 0 |a Proměny  |h [hudebnina] :  |b piano solo /  |c Zdeněk Pololáník 
246 1 |a Proměny (klavír sólo) 
260 |a Brno :  |b ViVo,  |c 1993 
300 |a 10 s. 
910 |a BOA001  |b Mus4-0995.088 
990 |a MU 
991 |b 201210 
996 6 |b 2619411336  |c Mus4-0995.088  |l MZK  |r Sklad / do 1 hodiny  |n 1  |p kup  |w 000009447  |u 000010  |a 1  |e BOA001  |j MZK50  |s P